000 00734cab a2200241 4500
001 WB3323-47
008 090401t1997 xxu||||| |||| 00| 0 eng d
035 _a(Sirsi) u78874
041 _aeng
245 _aHeathrow needs fifth terminal
260 _c1997
350 _a0
490 _aFinancial Times
_v10 June 1997, 23(1)
520 _aThe airports group BAA has claimed that Heathrow airport requires a fifth terminal in order to cope with the expected doubling of air passengers over the next twenty years.
650 _aAIRPORTS
650 _aBAA
650 _aHEATHROW AIRPORT
650 _aPUBLIC INQUIRY
650 _aTERMINAL 5
690 _aTRANSPORT AND COMMUNICATIONS
942 _n0
948 _c11/06/1997
999 _c49575
_d49575